Modern India(1819 A.D.to 1964 A.D.) (Record no. 355330)

MARC details
000 -LEADER
fixed length control field 005150000a22002050004500
005 - DATE AND TIME OF LATEST TRANSACTION
control field 20120302061937.0
040 ## - CATALOGING SOURCE
Original cataloging agency ENG
100 ## - MAIN ENTRY--PERSONAL NAME
Personal name Wadhwani,Manohar R.
100 ## - MAIN ENTRY--PERSONAL NAME
Personal name Dsouza,A.L.
245 ## - TITLE STATEMENT
Title Modern India(1819 A.D.to 1964 A.D.)
260 ## - PUBLICATION, DISTRIBUTION, ETC. (IMPRINT)
Place of publication, distribution, etc Mumbai:Sheth Pub.,1988.
300 ## - PHYSICAL DESCRIPTION
Extent 8,480p.
650 ## - SUBJECT ADDED ENTRY--TOPICAL TERM
Topical term or geographic name as entry element History
650 ## - SUBJECT ADDED ENTRY--TOPICAL TERM
Topical term or geographic name as entry element Modern India
650 ## - SUBJECT ADDED ENTRY--TOPICAL TERM
Topical term or geographic name as entry element Revolution
650 ## - SUBJECT ADDED ENTRY--TOPICAL TERM
Topical term or geographic name as entry element Socio-Religious Movement
650 ## - SUBJECT ADDED ENTRY--TOPICAL TERM
Topical term or geographic name as entry element Indian National Movement
650 ## - SUBJECT ADDED ENTRY--TOPICAL TERM
Topical term or geographic name as entry element Constitutional Development
942 ## - ADDED ENTRY ELEMENTS (KOHA)
Koha item type Book
Holdings
Withdrawn status Lost status Damaged status Not for loan Home library Current library Date acquired Total Checkouts Barcode Date last seen Price effective from
        Institute For Oriental Study, Thane Institute For Oriental Study, Thane 12/02/2009   IOS-15980 12/02/2009 12/02/2009